Kluby z Hiszpanii, które w XXI w. grały w europejskich pucharach - Statystyki

Ogólne statystyki
  • Ten quiz został rozwiązany 67 razy
    24 od ostatniego zresetowania
  • Średni wynik to 14 z 19
Statystyki odpowiedzi
Klub % Poprawnych
FC Barcelona
100%
Real Madryt
100%
Atletico Madryt
95%
Athletic Bilbao
90%
Real Betis
90%
Sevilla FC
90%
Deportivo La Coruña
85%
Real Sociedad
85%
Valencia CF
80%
Girona FC
75%
Villareal CF
75%
Málaga CF
70%
CA Osasuna
65%
Celta Vigo
65%
Real Saragossa
65%
Deportivo Alavés
60%
RCD Mallorca
60%
Rayo Vallecano
50%
RCD Espanyol
20%
Nie znaleziono quizów pasujących do podanych kryteriów
Rozkład punktacji
Procent ludzi z każdym wynikiem
Percentyl według liczby udzielonych odpowiedzi
Twoja historia wyników
Nie rozwiązałeś tego quizu od ostatniego zresetowania